000
00290nam a2200109Ia 4500
008
220204s9999 xx 000 0 und d
082
_a
338.26(540)
_b
SHE
100
_a
SHENOY, B R
245
0
_a
Indian planning and economic development
260
_a
London
_b
Asia Pub house
_c
1963
942
_c
BK
999
_c
20195
_d
20195